000 00593nam a22001937a 4500
005 20251108164648.0
008 250721s1983 xx 000 0 ara d
082 1 4 _a414.3/نوا
100 1 _aالنواجي، شمس الدين
245 1 0 _aكتاب الشفاء في بديع الإكتفاء /
264 1 _aبيروت :
_bدار مكتبة الحياة،
_c1983.
300 _a105ص
650 1 7 _aاللغة العربية
650 1 7 _aالبلاغة
650 1 7 _aالبديع
700 1 _aأبو ناجي، محمود حسن
_eتحقيق
942 _2ddc
_cBK
999 _c11228
_d11228